Конструкции фурм для продувки расплава методом резонансно-пульсирующего рафинирования; Исследования молодых - регионам; Т. 1

Bibliografische gegevens
Parent link:Исследования молодых - регионам: сборник трудов I Всероссийской научно-практической конференции, 29-31 марта 2011 г., г. Томск/ Национальный исследовательский Томский политехнический университет (ТПУ), Новокузнецкий филиал (НФ); под ред. С. И. Каковихиной.— , 2011
Т. 1.— 2011.— C. 216-219
Hoofdauteur: Жерновенков А. Н.
Andere auteurs: Лубяной Д. Д. (научный руководитель), Лубяной Д. А.
Taal:Russisch
Gepubliceerd in: 2011
Reeks:Прикладные исследования в предметных областях знаний (физика, химия)
Onderwerpen:
Formaat: Hoofdstuk
KOHA link:https://koha.lib.tpu.ru/cgi-bin/koha/opac-detail.pl?biblionumber=248569

MARC

LEADER 00000naa2a2200000 4500
001 248569
005 20231031212532.0
035 |a (RuTPU)RU\TPU\book\270391 
035 |a RU\TPU\book\270388 
090 |a 248569 
100 |a 20140123d2011 k y0rusy50 ca 
101 0 |a rus 
102 |a RU 
200 1 |a Конструкции фурм для продувки расплава методом резонансно-пульсирующего рафинирования  |f А. Н. Жерновенков, Д. Д. Лубяной  |g науч. рук. Д. А. Лубяной 
225 1 |a Прикладные исследования в предметных областях знаний (физика, химия) 
320 |a Библиогр.: с. 219 (1 назв.) 
461 1 |0 (RuTPU)RU\TPU\book\251726  |t Исследования молодых - регионам  |o сборник трудов I Всероссийской научно-практической конференции, 29-31 марта 2011 г., г. Томск  |f Национальный исследовательский Томский политехнический университет (ТПУ), Новокузнецкий филиал (НФ); под ред. С. И. Каковихиной  |d 2011 
463 0 |0 (RuTPU)RU\TPU\book\250366  |y 978-5-98298-906-2  |t Т. 1  |v C. 216-219  |d 2011  |p 340 с. 
610 1 |a продувки 
610 1 |a расплавы 
610 1 |a резонансно-пульсирующее рафинирование 
610 1 |a фурмы 
610 1 |a конструкции 
610 1 |a чугун 
610 1 |a металлические трубы 
610 1 |a металлы 
700 1 |a Жерновенков  |b А. Н. 
701 1 |a Лубяной  |b Д. Д. 
702 1 |a Лубяной  |b Д. А.  |4 727 
801 1 |a RU  |b 63413507  |c 20131111 
801 2 |a RU  |b 63413507  |c 20140123  |g RCR 
942 |c BK